Structure on employment in ICT sector in India: emerging issues and prospects (Record no. 68908)

000 -LEADER
fixed length control field 01122pab a2200193 454500
008 - FIXED-LENGTH DATA ELEMENTS--GENERAL INFORMATION
fixed length control field 180718b2005 xxu||||| |||| 00| 0 eng d
100 ## - MAIN ENTRY--PERSONAL NAME
Personal name Biradar, R.R.
245 ## - TITLE STATEMENT
Title Structure on employment in ICT sector in India: emerging issues and prospects
260 ## - PUBLICATION, DISTRIBUTION, ETC.
Date of publication, distribution, etc. 2005
300 ## - PHYSICAL DESCRIPTION
Extent p.836-52.
362 ## - DATES OF PUBLICATION AND/OR SEQUENTIAL DESIGNATION
Dates of publication and/or sequential designation Oct-Dec
520 ## - SUMMARY, ETC.
Summary, etc. Based on data from a variety of sources such as the NSSO, NASSCOM and Data Quest, the paper examines the structure and growth of employment in the ICT sector, IT occupations and ITES-BPO. It also analyses the structure of skill polarisation and gender neutrality in ICT employment explores the emerging segment of ICT sector in creating new employment avanues in the digital economy. The paper finds evidence of digital divide, including gender divide. It argues for the need of emphasising IT-based educational system and also computer and English literacy. - Reproduced.
650 ## - SUBJECT ADDED ENTRY--TOPICAL TERM
Topical term or geographic name entry element Communication technology - India
650 ## - SUBJECT ADDED ENTRY--TOPICAL TERM
Topical term or geographic name entry element Information technology - India
650 ## - SUBJECT ADDED ENTRY--TOPICAL TERM
Topical term or geographic name entry element Employment - India
650 ## - SUBJECT ADDED ENTRY--TOPICAL TERM
Topical term or geographic name entry element Employment
773 ## - HOST ITEM ENTRY
Main entry heading Indian Journal of Labour Economics
909 ## -
-- 68908
Holdings
Withdrawn status Lost status Damaged status Not for loan Permanent Location Current Location Date acquired Serial Enumeration / chronology Barcode Date last seen Price effective from Koha item type
        Indian Institute of Public Administration Indian Institute of Public Administration 2018-07-19 Volume no: 48, Issue no: 4 AR69364 2018-07-19 2018-07-19 Articles

Powered by Koha